| 000 | 00684cam a2200241 a 4500 | ||
|---|---|---|---|
| 001 | 4392057 | ||
| 005 | 20240124061721.0 | ||
| 008 | 911017s1991 ii b 001 0 eng | ||
| 020 | _a0195628012 : | ||
| 040 |
_aDLC _cDLC _dDLC |
||
| 082 |
_222 _a305.5. |
||
| 245 | 0 | 0 |
_aSocial stratification / _cedited by Dipankar Gupta. |
| 260 |
_aDelhi ; _aNew York : _bOxford University Press, _c1991. |
||
| 300 | _axvii, 496 p. ; | ||
| 500 | _aOn caste and class in India; contributed articles. | ||
| 500 | _aIncludes index. | ||
| 650 | 0 | _aSocial classes | |
| 650 | 0 | _aCaste | |
| 650 | 0 | _aSocial conflict | |
| 650 | 0 | _aSocial stratification | |
| 700 | 1 |
_aGupta, Dipankar, _eedt |
|
| 942 | _cL | ||
| 999 |
_c196 _d196 |
||